1367 1132 1975 1299 1004 1397 1531 1212 1895 1969 1662 1947 1887 1758 1492 1482 1571 1231 1760 1888 1749 1551 1603 1584 1686 1582 1851 1891 1678 1903 1636 1029 2000 1752 1792 1523 1924 1820 1837 1024 1957 1870 1134 1544 1410 1984 1831 1252 1273 1590 1643 1606 1187 1093 1830 1547 1725 1592 1178 1672 1583 1634 1668 1244 1892 1005 1949 1101 1037 1160 1313 1653 1124 1897 1382 1891 1223 1378 1412 1832 1457 1838 1449 1541 1134 1354 1410 1485 1253 1838 1950 1599 1253 1064 1599 1968 1734 1461 1745 BCNSPRNW ULIB Ver.6.0+V

เปลี่ยนเป็นภาษาไทย

Change to English
 แสดงรายละเอียดบรรณานุกรม
  กลับหน้าหลัก

Brief Record : Get Marc (ISO 2709) : E-mail record : QR code < ปิดหน้าต่าง
LEADER : 00000nam 2200000uu 4500
001    13399128246
003     ULIB
008    220822s2557||||th 000 0 tha d
020    ^a9786162997006 (ล.2)
050  0 ^aนว^bก947ล^cล.2
100 0  ^aโก้วเล้ง
245 10 ^aลูกปลาน้อยเซียวฮื้อยี้ เล่ม 2. /^cโก้วเล้ง, เขียน ; น.นพรัตน์, แปล
246 30 ^aเซียวฮื้อยี้
250    ^aพิมพ์ครั้งที่ 1
260    ^aกรุงเทพฯ :^bสยามอินเตอร์บุ๊ค,^c2557
300    ^a6 เล่ม ;^c21 ซม.
650  4 ^aนวนิยายจีนกำลังภายใน
650  4 ^aนวนิยายจีน^xการแปลเป็นภาษาไทย
653    ^aOpen Your Eyes Project
700 0  ^aน.นพรัตน์,^eผู้แปล
945    ^p260^l0^i009351
999    ^aประนอม เกษจรัล
รายการนี้ยังไม่มีแท็ก
คุณยังไม่ได้ล็อกอิน คุณสามารถมีกิจกรรมร่วมกับเว็บไซต์ได้ แต่ต้องล็อกอินก่อน ::
  ล็อกอิน

รายการสื่อสารสนเทศ

ลำดับที่ ประเภท เลขเรียก/บาร์โค้ด สถานที่ สถานะ
1. นวนิยาย
นวนิยาย
นว ก947ล ล.2 ฉ.1 
  Barcode: 009351
ห้องสมุดวิทยาเขตสวรรค์ประชารักษ์
►หนังสือทั่วไป
บนชั้น

รายการใกล้เคียง
    ผู้แต่ง [โก้วเล้ง]

    หัวเรื่อง [นวนิยายจีนกำลังภายใน]

BibComment


ยังไม่เคยถูกคอมเมนท์

คอมเมนท์ทรัพยากรรายการนี้
  คอมเมนท์: ลูกปลาน้อยเซียวฮ..


 Copyright 2026. Bcnsprnw @Library